[Event "WGM Cvijet Mediterana 2019"]
[Site "Rijeka"]
[Date "2019.03.03"]
[Round "2.5"]
[White "Medic, Mirjana"]
[Black "Hrescak, Ivana"]
[Result "1/2-1/2"]
[WhiteElo "2207"]
[BlackElo "2128"]
[Annotator "TA"]
[PlyCount "93"]
[EventDate "2019.03.03"]
[EventType "tourn"]
[EventCountry "CRO"]
[SourceTitle "playchess.com"]
[Source "ChessBase"]
[SourceQuality "1"]

{[%evp 24,93,16,35,83,70,72,80,85,75,90,69,120,115,166,165,171,172,188,65,62,53,53,37,68,0,51,47,27,33,30,-10,27,0,9,-27,-41,-49,-56,-43,-47,-61,-56,-59,-59,-66,-57,-110,-101,-148,-135,-147,-143,-150,-135,-71,-71,-126,-135,-133,-73,-75,-88,-88,0,0,0,0,0,0,0,0]} 1. d4 g6 2. c4 Bg7 3. Nf3 d6 4. g3 Nf6 5. Bg2 O-O 6. O-O Nbd7 7. Nc3 e5 8. h3 c6 9. e4 Qb6 10. Re1 {[%cal Bf1e1,Be1e2,Be2c2][%mdl 32]} exd4 11. Nxd4 Re8 12. Re2 Qb4 13. Rc2 {[#] LiveBook: 44 Games. E69: King's Indian: Fianchetto: 6...Nbd7 7 0-0 e5 8 e4 c6 9 h3} Qa5 $146 ({Predecessor:} 13... Nc5 14. Bd2 Qb6 15. Be3 Qc7 16. f3 a5 17. b3 Nfd7 18. Bf2 Ne5 19. Rd2 Qe7 20. f4 Ned7 {½-½ (51) Gagare,S (2494)-Gledura,B (2612) Caleta 2018}) 14. Bf4 Ne5 15. b3 {White is better.} a6 16. Rac1 Bd7 17. Be3 c5 ({Black should try} 17... Rad8 $14) 18. Nde2 $1 $16 Rad8 {[#]} (18... Bc6 $16 {was necessary.}) 19. Rd2 $1 $18 ({And not} 19. Qxd6 Bxh3 20. Qxc5 Qxc5 $17) 19... Qc7 {[#]} 20. Bg5 $1 {[%cal Rg5f6]} ({Don't take} 20. Rxd6 $6 Bxh3 21. Rxd8 Rxd8 $14) 20... Bc6 21. Nf4 ({Better is} 21. f4 $18) 21... Qb8 $14 22. Nfd5 Ned7 23. Bf4 Ne5 24. Bg5 Ned7 $1 25. Be3 Bxd5 26. cxd5 b5 27. Qc2 Nb6 28. Re2 Rc8 29. Rce1 Nfd7 30. Nd1 a5 31. Nb2 c4 32. bxc4 Nxc4 33. Nxc4 Rxc4 34. Qb1 Rec8 35. f4 (35. h4 $15) 35... b4 $17 36. Bf2 a4 37. h4 b3 38. axb3 axb3 39. Bh3 Rd8 40. Bxd7 ({White should play} 40. e5 dxe5 41. Bxd7 Rxd7 42. fxe5) 40... Rxd7 41. e5 dxe5 (41... Rc3 $142 42. Qb2 Rc8) 42. fxe5 Rxd5 43. e6 {Hoping for e7.} fxe6 (43... Rd8 $17 44. exf7+ Kxf7) 44. Rxe6 $11 {The position is equal.} Rd8 {Threatens to win with ...Rc3.} 45. Rb6 Qc8 {And now ...Bc3 would win.} 46. Qxb3 Kh8 47. Rbe6 {Precision: White = 57%, Black = 67%.} 1/2-1/2

[Event "WGM Cvijet Mediterana 2019"]
[Site "Rijeka"]
[Date "2019.03.03"]
[Round "3.1"]
[White "Hrescak, Ivana"]
[Black "Cvitan, Ena"]
[Result "1-0"]
[WhiteElo "2128"]
[BlackElo "2203"]
[Annotator "NA"]
[PlyCount "63"]
[EventDate "2019.03.03"]
[EventType "tourn"]
[EventCountry "CRO"]
[SourceTitle "playchess.com"]
[Source "ChessBase"]
[SourceQuality "1"]
[TimeControl "5400+30"]

1. d4 {[%emt 0:00:00]} d5 {[%emt 0:00:00]} 2. c4 {[%emt 0:00:00]} e6 {[%emt 0:00:00]} 3. Nc3 {[%emt 0:00:00]} a6 {[%emt 0:00:00]} 4. cxd5 {[%emt 0:00:00]} exd5 {[%emt 0:00:00]} 5. Qb3 {[%emt 0:01:30]} c5 {[%emt 0:05:30]} 6. Nxd5 {[%emt 0:16:30]} Be6 {[%emt 0:05:30]} 7. e4 {[%emt 0:00:30]} Nc6 {[%emt 0:00:00]} 8. Nf3 {[%emt 0:09:30]} cxd4 {[%emt 0:21:00]} 9. Bd2 {[%emt 0:11:30]} Rb8 {[%emt 0:07:30]} 10. Qc4 {[%emt 0:13:30]} Nge7 {[%emt 0:11:30]} 11. Nxd4 {[%emt 0:03:30]} Nxd4 {[%emt 0:00:30]} 12. Nc7+ {[%emt 0:06:30]} Qxc7 {[%emt 0:00:30]} 13. Qxc7 {[%emt 0:00:00]} Rc8 {[%emt 0:00:00]} 14. Qxb7 {[%emt 0:02:00]} Nc2+ {[%emt 0:00:00]} 15. Kd1 {[%emt 0:00:30]} Nxa1 {[%emt 0:00:00]} 16. Bxa6 {[%emt 0:02:30]} f6 {[%emt 0:12:00]} 17. Qb6 {[%emt 0:01:30]} Kf7 {[%emt 0:01:30]} 18. Bxc8 {[%emt 0:01:30]} Nxc8 {[%emt 0:00:30]} 19. Qc7+ {[%emt 0:01:30]} Be7 {[%emt 0:00:00]} 20. Ke2 {[%emt 0:01:30]} Nd6 {[%emt 0:05:00]} 21. Rxa1 {[%emt 0:03:30]} Rc8 {[%emt 0:00:30]} 22. Qb6 {[%emt 0:04:10]} Rc2 {[%emt 0:04:30]} 23. Rc1 {[%emt 0:03:21]} Bc4+ {[%emt 0:09:33]} 24. Kd1 {[%emt 0:03:11]} Rxc1+ {[%emt 0:00:11]} 25. Kxc1 {[%emt 0:00:41]} Be6 {[%emt 0:05:53]} 26. f3 {[%emt 0:02:04]} Nc4 {[%emt 0:00:16]} 27. Qa7 {[%emt 0:01:11]} Ne5 {[%emt 0:00:38]} 28. b3 {[%emt 0:00:53]} f5 {[%emt 0:01:43]} 29. Qc7 {[%emt 0:01:33]} Nd3+ {[%emt 0:00:45]} 30. Kc2 {[%emt 0:00:32]} fxe4 {[%emt 0:00:44]} 31. fxe4 {[%emt 0:00:49]} Nc5 {[%emt 0:00:43]} 32. Bb4 {[%emt 0:01:02]} 1-0

[Event "WGM Cvijet Mediterana 2019"]
[Site "Rijeka"]
[Date "2019.03.03"]
[Round "3.2"]
[White "Vujnovic, Patricija"]
[Black "Medic, Mirjana"]
[Result "1/2-1/2"]
[WhiteElo "2056"]
[BlackElo "2207"]
[Annotator "RC"]
[PlyCount "21"]
[EventDate "2019.03.03"]
[EventType "tourn"]
[EventCountry "CRO"]
[SourceTitle "playchess.com"]
[Source "ChessBase"]
[SourceQuality "1"]
[TimeControl "5400+30"]

1. d4 {[%emt 0:02:30]} d5 {[%emt 0:00:30]} 2. Bf4 {[%emt 0:00:30]} Nf6 {[%emt 0:00:00]} 3. e3 {[%emt 0:00:00]} e6 {[%emt 0:00:00]} 4. Bd3 {[%emt 0:00:00]} Bd6 {[%emt 0:00:00]} 5. Bg3 {[%emt 0:00:00]} Bxg3 {[%emt 0:00:00]} 6. hxg3 {[%emt 0:00:00]} Nbd7 {[%emt 0:00:30]} 7. Nf3 {[%emt 0:00:30]} c5 {[%emt 0:00:00]} 8. c3 {[%emt 0:00:00]} Qb6 {[%emt 0:00:00]} 9. Qc1 {[%emt 0:00:00]} h6 {[%emt 0:00:00]} 10. Nbd2 {[%emt 0:00:00]} c4 {[%emt 0:00:00]} 11. Bc2 {[%emt 0:00:00]} 1/2-1/2

[Event "WGM Cvijet Mediterana 2019"]
[Site "Rijeka"]
[Date "2019.03.03"]
[Round "3.3"]
[White "Miladinovic, Lena"]
[Black "Babiy, Olga"]
[Result "1/2-1/2"]
[WhiteElo "2140"]
[BlackElo "2305"]
[Annotator "NA"]
[PlyCount "73"]
[EventDate "2019.03.03"]
[EventType "tourn"]
[EventCountry "CRO"]
[SourceTitle "playchess.com"]
[Source "ChessBase"]
[SourceQuality "1"]
[TimeControl "5400+30"]

1. d4 {[%emt 0:00:30]} Nf6 {[%emt 0:00:30]} 2. Nf3 {[%emt 0:00:30]} e6 {[%emt 0:00:30]} 3. e3 {[%emt 0:00:00]} b6 {[%emt 0:01:30]} 4. Bd3 {[%emt 0:00:00]} Bb7 {[%emt 0:00:30]} 5. O-O {[%emt 0:00:00]} Be7 {[%emt 0:04:30]} 6. c4 {[%emt 0:00:00]} O-O {[%emt 0:01:30]} 7. Nc3 {[%emt 0:00:30]} d5 {[%emt 0:00:30]} 8. b3 {[%emt 0:01:30]} Nbd7 {[%emt 0:02:30]} 9. Bb2 {[%emt 0:00:30]} c5 {[%emt 0:05:30]} 10. cxd5 {[%emt 0:02:30]} cxd4 {[%emt 0:04:30]} 11. Nxd4 {[%emt 0:11:30]} Nxd5 {[%emt 0:01:30]} 12. Nxd5 {[%emt 0:06:30]} Bxd5 {[%emt 0:00:30]} 13. Rc1 {[%emt 0:09:30]} Nc5 {[%emt 0:10:30]} 14. Bb1 {[%emt 0:10:30]} g6 {[%emt 0:23:30]} 15. b4 {[%emt 0:08:30]} Ne4 {[%emt 0:04:30]} 16. f3 {[%emt 0:06:30]} Nf6 {[%emt 0:03:30]} 17. e4 {[%emt 0:03:30]} Bb7 {[%emt 0:00:30]} 18. Qb3 {[%emt 0:07:30]} Rc8 {[%emt 0:05:30]} 19. Rcd1 {[%emt 0:05:30]} Qe8 {[%emt 0:07:30]} 20. a4 {[%emt 0:04:33]} Bc6 {[%emt 0:06:54]} 21. b5 {[%emt 0:02:46]} Bd7 {[%emt 0:00:17]} 22. Kh1 {[%emt 0:02:06]} e5 {[%emt 0:01:23]} 23. Nc6 {[%emt 0:02:07]} Bxc6 {[%emt 0:01:41]} 24. bxc6 {[%emt 0:00:12]} Bc5 {[%emt 0:00:03]} 25. Bd3 {[%emt 0:02:39]} Nh5 {[%emt 0:02:38]} 26. g3 {[%emt 0:02:50]} Rxc6 {[%emt 0:02:40]} 27. Bb5 {[%emt 0:00:39]} Qe6 {[%emt 0:00:40]} 28. Qxe6 {[%emt 0:02:35]} Rxe6 {[%emt 0:00:04]} 29. Rd7 {[%emt 0:00:39]} a5 {[%emt 0:02:00]} 30. Bc4 {[%emt 0:03:33]} Rd6 {[%emt 0:01:38]} 31. Rxd6 {[%emt 0:01:12]} Bxd6 {[%emt 0:00:02]} 32. Rd1 {[%emt 0:00:09]} Be7 {[%emt 0:04:00]} 33. Bxe5 {[%emt 0:01:11]} Rc8 {[%emt 0:00:15]} 34. Bb3 {[%emt 0:01:00]} Nf6 {[%emt 0:02:14]} 35. Kg2 {[%emt 0:00:45]} Kf8 {[%emt 0:00:13]} 36. Kf2 {[%emt 0:02:23]} Ke8 {[%emt 0:00:09]} 37. Bxf6 {[%emt 0:01:01]} 1/2-1/2

[Event "WGM Cvijet Mediterana 2019"]
[Site "Rijeka"]
[Date "2019.03.03"]
[Round "3.4"]
[White "Zimina, Olga"]
[Black "Tomilova, Elena"]
[Result "1/2-1/2"]
[WhiteElo "2387"]
[BlackElo "2300"]
[Annotator "NA RC"]
[PlyCount "22"]
[EventDate "2019.03.03"]
[EventType "tourn"]
[EventCountry "CRO"]
[SourceTitle "playchess.com"]
[Source "ChessBase"]
[SourceQuality "1"]
[TimeControl "5400+30"]

1. c4 {[%emt 0:00:00]} d5 {[%emt 0:00:30]} 2. d4 {[%emt 0:00:00]} c6 {[%emt 0:00:00]} 3. cxd5 {[%emt 0:00:30]} cxd5 {[%emt 0:00:00]} 4. Nc3 {[%emt 0:00:00]} Nf6 {[%emt 0:00:00]} 5. Nf3 {[%emt 0:00:00]} Nc6 {[%emt 0:00:00]} 6. Bf4 {[%emt 0:00:00]} Bf5 {[%emt 0:00:30]} 7. e3 {[%emt 0:00:00]} e6 {[%emt 0:00:30]} 8. Bd3 {[%emt 0:00:30]} Bxd3 {[%emt 0:00:00]} 9. Qxd3 {[%emt 0:00:30]} Bd6 {[%emt 0:00:00]} 10. Bxd6 {[%emt 0:00:00]} Qxd6 {[%emt 0:00:00]} 11. O-O {[%emt 0:00:00]} O-O {[%emt 0:00:00]} 1/2-1/2

[Event "WGM Cvijet Mediterana 2019"]
[Site "Rijeka"]
[Date "2019.03.03"]
[Round "3.5"]
[White "Rakhmangulova, Anastasiya"]
[Black "Djukic, Sandra"]
[Result "0-1"]
[WhiteElo "2235"]
[BlackElo "2157"]
[Annotator "NA"]
[PlyCount "128"]
[EventDate "2019.03.03"]
[EventType "tourn"]
[EventCountry "CRO"]
[SourceTitle "playchess.com"]
[Source "ChessBase"]
[SourceQuality "1"]
[TimeControl "5400+30"]

1. e4 {[%emt 0:00:30]} c5 {[%emt 0:00:30]} 2. Nf3 {[%emt 0:00:00]} Nc6 {[%emt 0:00:00]} 3. d4 {[%emt 0:00:00]} cxd4 {[%emt 0:00:00]} 4. Nxd4 {[%emt 0:00:30]} Qc7 {[%emt 0:00:00]} 5. Nc3 {[%emt 0:00:00]} e6 {[%emt 0:00:00]} 6. Be3 {[%emt 0:00:00]} a6 {[%emt 0:00:00]} 7. Be2 {[%emt 0:00:00]} Nf6 {[%emt 0:00:00]} 8. O-O {[%emt 0:00:00]} Be7 {[%emt 0:02:30]} 9. f4 {[%emt 0:04:30]} d6 {[%emt 0:00:30]} 10. Bf3 {[%emt 0:10:30]} Nxd4 {[%emt 0:05:30]} 11. Qxd4 {[%emt 0:00:30]} e5 {[%emt 0:18:30]} 12. Qd2 {[%emt 0:01:30]} exf4 {[%emt 0:08:30]} 13. Bxf4 {[%emt 0:00:30]} Be6 {[%emt 0:00:30]} 14. a4 {[%emt 0:07:30]} Nd7 {[%emt 0:06:30]} 15. Nd5 {[%emt 0:07:30]} Bxd5 {[%emt 0:00:00]} 16. exd5 {[%emt 0:00:30]} O-O {[%emt 0:03:00]} 17. a5 {[%emt 0:05:30]} Bf6 {[%emt 0:07:30]} 18. c3 {[%emt 0:11:30]} Ne5 {[%emt 0:08:30]} 19. Be4 {[%emt 0:02:30]} Rae8 {[%emt 0:07:30]} 20. Ra4 {[%emt 0:04:30]} g6 {[%emt 0:03:30]} 21. Bxe5 {[%emt 0:06:30]} Bxe5 {[%emt 0:00:30]} 22. Bc2 {[%emt 0:00:30]} Bg7 {[%emt 0:04:30]} 23. Qf2 {[%emt 0:07:30]} Re5 {[%emt 0:00:30]} 24. Rf4 {[%emt 0:03:30]} Bh6 {[%emt 0:06:48]} 25. Rf3 {[%emt 0:00:30]} Qxa5 {[%emt 0:09:04]} 26. Bb3 {[%emt 0:05:30]} Qc7 {[%emt 0:05:33]} 27. Kh1 {[%emt 0:08:55]} Qe7 {[%emt 0:00:53]} 28. Bd1 {[%emt 0:03:17]} Bg7 {[%emt 0:02:08]} 29. b4 {[%emt 0:02:13]} Re4 {[%emt 0:00:46]} 30. g3 {[%emt 0:05:11]} f5 {[%emt 0:00:10]} 31. Rd3 {[%emt 0:02:04]} Re8 {[%emt 0:00:55]} 32. Bf3 {[%emt 0:00:45]} Rc4 {[%emt 0:00:29]} 33. Qd2 {[%emt 0:00:57]} Be5 {[%emt 0:00:39]} 34. Bd1 {[%emt 0:01:02]} Rec8 {[%emt 0:00:22]} 35. g4 {[%emt 0:00:27]} f4 {[%emt 0:00:35]} 36. Re1 {[%emt 0:00:22]} Qf6 {[%emt 0:00:14]} 37. Qg2 {[%emt 0:00:30]} Rxc3 {[%emt 0:00:32]} 38. g5 {[%emt 0:00:12]} Qf5 {[%emt 0:00:36]} 39. Rxc3 {[%emt 0:00:08]} Rxc3 {[%emt 0:00:04]} 40. Bf3 {[%emt 0:00:50]} Rc2 {[%emt 0:01:04]} 41. Qg1 {[%emt 0:00:28]} Qh3 {[%emt 0:00:30]} 42. Bg4 {[%emt 0:01:02]} Qc3 {[%emt 0:00:32]} 43. Bd1 {[%emt 0:00:25]} Rc1 {[%emt 0:00:26]} 44. Rf1 {[%emt 0:00:11]} Qd4 {[%emt 0:00:20]} 45. Qxd4 {[%emt 0:00:57]} Bxd4 {[%emt 0:00:04]} 46. Be2 {[%emt 0:00:08]} Rxf1+ {[%emt 0:00:00]} 47. Bxf1 {[%emt 0:00:30]} f3 {[%emt 0:00:12]} 48. Bh3 {[%emt 0:00:30]} b6 {[%emt 0:00:30]} 49. Bg4 {[%emt 0:00:30]} f2 {[%emt 0:00:30]} 50. Kg2 {[%emt 0:00:30]} h5 {[%emt 0:00:30]} 51. Be2 {[%emt 0:00:30]} a5 {[%emt 0:00:30]} 52. b5 {[%emt 0:00:30]} h4 {[%emt 0:00:30]} 53. Bd1 {[%emt 0:00:30]} Kf7 {[%emt 0:00:30]} 54. Bc2 {[%emt 0:00:30]} Be3 {[%emt 0:00:30]} 55. Bd3 {[%emt 0:00:30]} a4 {[%emt 0:00:30]} 56. h3 {[%emt 0:00:30]} a3 {[%emt 0:00:30]} 57. Bb1 {[%emt 0:00:30]} Bxg5 {[%emt 0:00:30]} 58. Kxf2 {[%emt 0:00:30]} Kf6 {[%emt 0:00:30]} 59. Ke2 {[%emt 0:00:30]} Ke5 {[%emt 0:00:30]} 60. Kd3 {[%emt 0:00:30]} Kf4 {[%emt 0:00:30]} 61. Ke2 {[%emt 0:00:30]} Kg3 {[%emt 0:00:30]} 62. Kd3 {[%emt 0:00:30]} Kxh3 {[%emt 0:00:30]} 63. Kc3 {[%emt 0:00:30]} Bf6+ {[%emt 0:00:30]} 64. Kb3 {[%emt 0:00:30]} g5 {[%emt 0:00:30]} 0-1

[Event "WGM Cvijet Mediterana 2019"]
[Site "Rijeka"]
[Date "2019.03.05"]
[Round "4.1"]
[White "Cvitan, Ena"]
[Black "Djukic, Sandra"]
[Result "1/2-1/2"]
[WhiteElo "2203"]
[BlackElo "2157"]
[Annotator "NA"]
[PlyCount "21"]
[EventDate "2019.03.03"]
[EventType "tourn"]
[EventCountry "CRO"]
[SourceTitle "playchess.com"]
[Source "ChessBase"]
[SourceQuality "1"]
[TimeControl "5400+30"]

1. d4 {[%emt 0:00:30]} Nf6 {[%emt 0:00:30]} 2. Nf3 {[%emt 0:00:30]} e6 {[%emt 0:00:30]} 3. Bf4 {[%emt 0:01:30]} b6 {[%emt 0:02:30]} 4. e3 {[%emt 0:00:30]} Bb7 {[%emt 0:00:30]} 5. Nbd2 {[%emt 0:00:30]} Be7 {[%emt 0:00:30]} 6. h3 $11 {[%emt 0:00:30]} c5 {[%emt 0:03:30]} 7. c3 {[%emt 0:00:30]} cxd4 {[%emt 0:02:30]} 8. exd4 {[%emt 0:00:30]} O-O {[%emt 0:01:30]} 9. Bd3 {[%emt 0:01:30]} d6 {[%emt 0:00:30]} 10. O-O {[%emt 0:07:30]} Nbd7 {[%emt 0:02:30]} 11. Bh2 {[%emt 0:03:30]} 1/2-1/2

[Event "WGM Cvijet Mediterana 2019"]
[Site "Rijeka"]
[Date "2019.03.05"]
[Round "4.2"]
[White "Tomilova, Elena"]
[Black "Rakhmangulova, Anastasiya"]
[Result "1/2-1/2"]
[WhiteElo "2300"]
[BlackElo "2235"]
[Annotator "TA"]
[PlyCount "79"]
[EventDate "2019.03.03"]
[EventType "tourn"]
[EventCountry "CRO"]
[SourceTitle "playchess.com"]
[Source "ChessBase"]
[SourceQuality "1"]

{[%evp 11,79,14,8,20,20,6,56,-10,14,2,-8,-24,-18,-20,6,-27,-30,-61,-59,-80,-87,-96,-31,-77,-14,-82,-91,-62,-71,-82,-50,-47,-62,-79,-62,-66,-48,-39,-45,-45,-49,-53,-50,-47,0,0,0,0,202,205,196,190,177,199,190,15,15,21,23,0,0,0,0,0,0,0,0,0,0,0]} 1. e4 c5 2. Nf3 Nc6 3. Bb5 Qb6 4. Nc3 e6 5. O-O Nge7 6. Re1 a6 7. Bf1 {B30: Sicilian: 2...Nc6 3 Bb5, lines without ...g6} (7. Ba4 Qc7 8. d3 b5 9. Bb3 Nd4 10. Nxd4 cxd4 11. Nb1 Bb7 12. Nd2 Nc6 13. a3 Be7 14. Qg4 g6 {0-1 (38) Gopal,G (2565)-Alvarado Diaz,A (2421) Benasque 2016}) 7... d6 8. b3 h6 $146 ({Predecessor:} 8... g6 9. Bb2 e5 10. Nd5 Nxd5 11. exd5 Nd4 12. Nxd4 cxd4 13. c3 dxc3 14. dxc3 Bg7 {1-0 (65) Sofronie,I (2399)-Florescu,C (2332) Sovata 2001}) 9. e5 ({Better is} 9. Bb2 $14) 9... d5 10. Na4 Qa7 $1 11. c4 d4 12. h4 g6 13. Bd3 Bg7 14. Ba3 b6 {[%cal Bb7b6,Bb6b5][%mdl 32]} 15. b4 cxb4 16. Bb2 Qc7 (16... Rb8 $17 {...b5 is the strong threat.} 17. c5 b5) 17. Qe2 Bd7 (17... Rb8 $17) 18. c5 {[#]} (18. a3 $11) 18... b5 $1 $17 {[%cal Rb5a4]} 19. Nb6 Rd8 20. Qe4 Bc8 21. Nxc8 Qxc8 22. a4 bxa3 23. Rxa3 Rd5 24. Rea1 $1 O-O {[%cal Rc6e5]} 25. Rxa6 {[%cal Rf3d4]} Nxe5 {Strongly threatening ...Nd7.} 26. Bxb5 Nxf3+ 27. Qxf3 Qxc5 (27... d3 $5 {[%cal Rg7b2]} 28. Bxg7 Kxg7 $15) 28. Bd3 Qc7 29. Ra7 Qb6 $2 (29... Qd8 $1 $11 {and Black has nothing to worry.}) 30. Rxe7 $18 Qxb2 31. Raa7 Rf5 32. Bxf5 gxf5 33. Qh5 $2 (33. d3 $18) 33... Qc1+ $11 34. Kh2 {[%cal Re7f7]} Qxd2 {Threatens to win with ...Be5+.} 35. Rxf7 Qf4+ {The position is equal.} 36. Kg1 Qc1+ 37. Kh2 {Intending Rxf8+ and mate.} Qf4+ {[%mdl 64] [#] Double Attack} 38. Kg1 {Rxf8+ would kill now.} Qc1+ 39. Kh2 {White wants to mate with Rxf8+.} Qf4+ {[%mdl 64] Double Attack} 40. Kg1 {Accuracy: White = 38%, Black = 67%.} 1/2-1/2

[Event "WGM Cvijet Mediterana 2019"]
[Site "Rijeka"]
[Date "2019.03.05"]
[Round "4.3"]
[White "Babiy, Olga"]
[Black "Zimina, Olga"]
[Result "1/2-1/2"]
[WhiteElo "2305"]
[BlackElo "2387"]
[Annotator "TA"]
[PlyCount "53"]
[EventDate "2019.03.03"]
[EventType "tourn"]
[EventCountry "CRO"]
[SourceTitle "playchess.com"]
[Source "ChessBase"]
[SourceQuality "1"]

{[%evp 12,53,25,25,26,14,13,12,33,20,25,25,25,8,28,11,10,-6,5,-10,-10,-8,-4,-8,0,-2,0,0,0,0,0,0,0,0,0,0,21,0,14,-35,0,0,11,-13]} 1. e4 e5 2. Nf3 Nc6 3. Bb5 Nf6 4. O-O Nxe4 5. Re1 Nd6 6. Nxe5 Be7 7. Bf1 Nf5 {C67: Ruy Lopez: Berlin Defence: 4 0-0 Nxe4} (7... Nxe5 8. Rxe5 O-O 9. d4 Bf6 10. Re1 Re8 11. Rxe8+ Nxe8 12. c3 d5 13. Bf4 Nd6 14. Nd2 c6 15. Qf3 Be6 16. Re1 Qd7 17. h3 Re8 18. Bd3 {1-0 (26) Saric,I (2690)-Caruana,F (2828) chess.com INT 2019}) 8. c3 Nxe5 9. Rxe5 d6 10. Re1 c5 11. d4 cxd4 12. cxd4 O-O 13. Nc3 Bf6 14. Be3 {[#]} d5 $146 ({Predecessor:} 14... Nxe3 15. fxe3 {½-½ (31) Manik,M (2399)-Ghosh,D (2536) Mumbai 2018}) 15. Bd3 Nxe3 16. fxe3 Be6 17. Bc2 Qd6 18. Qf3 Bd8 19. Bb3 {[%cal Rb3d5]} Bc7 20. g3 {[%cal Rc3d5]} Ba5 21. Rec1 {[%cal Rc3d5]} Rad8 22. Ne2 Bb6 23. Nf4 Rfe8 24. Nd3 Re7 25. Rd1 Rde8 26. Nf4 Rd8 27. Nd3 {Accuracy: White = 61%, Black = 47%.} 1/2-1/2

[Event "WGM Cvijet Mediterana 2019"]
[Site "Rijeka"]
[Date "2019.03.05"]
[Round "4.4"]
[White "Medic, Mirjana"]
[Black "Miladinovic, Lena"]
[Result "1-0"]
[WhiteElo "2207"]
[BlackElo "2140"]
[Annotator "ChessBase"]
[PlyCount "109"]
[EventDate "2019.03.03"]
[EventType "tourn"]
[EventCountry "CRO"]
[SourceTitle "playchess.com"]
[Source "ChessBase"]
[SourceQuality "1"]
[TimeControl "5400+30"]

1. d4 {[%emt 0:00:30]} Nf6 {[%emt 0:00:30]} 2. Nf3 {[%emt 0:00:30]} e6 {[%emt 0:00:00]} 3. e3 {[%emt 0:00:30]} c5 {[%emt 0:00:00]} 4. Bd3 {[%emt 0:01:30]} d6 {[%emt 0:00:00]} 5. c4 {[%emt 0:01:30]} Nbd7 {[%emt 0:02:00]} 6. Nc3 {[%emt 0:00:30]} a6 {[%emt 0:00:30]} 7. O-O {[%emt 0:01:30]} g6 {[%emt 0:00:30]} 8. e4 {[%emt 0:04:30]} cxd4 {[%emt 0:03:30]} 9. Nxd4 {[%emt 0:00:30]} Bg7 {[%emt 0:03:30]} 10. Be3 {[%emt 0:05:30]} O-O {[%emt 0:02:30]} 11. Rc1 {[%emt 0:01:30]} Nc5 {[%emt 0:11:30]} 12. Bb1 {[%emt 0:08:30]} e5 {[%emt 0:02:30]} 13. Nf3 {[%emt 0:05:30]} Ne6 {[%emt 0:09:30]} 14. Nd5 {[%emt 0:04:30]} Nxd5 {[%emt 0:02:30]} 15. Qxd5 {[%emt 0:12:30]} Nf4 {[%emt 0:03:30]} 16. Bxf4 {[%emt 0:05:30]} exf4 {[%emt 0:01:30]} 17. b4 {[%emt 0:01:30]} Bg4 {[%emt 0:08:30]} 18. Qd3 {[%emt 0:07:30]} a5 {[%emt 0:07:30]} 19. b5 {[%emt 0:02:30]} Qe7 {[%emt 0:08:30]} 20. Rfd1 {[%emt 0:02:30]} Bxf3 {[%emt 0:04:30]} 21. Qxf3 {[%emt 0:00:30]} Be5 {[%emt 0:01:30]} 22. g3 {[%emt 0:06:30]} fxg3 {[%emt 0:03:30]} 23. hxg3 {[%emt 0:00:00]} h5 {[%emt 0:03:30]} 24. Kg2 {[%emt 0:00:00]} Kg7 {[%emt 0:00:30]} 25. Qe3 {[%emt 0:02:30]} a4 {[%emt 0:03:46]} 26. a3 {[%emt 0:02:30]} Rh8 {[%emt 0:02:22]} 27. f4 {[%emt 0:00:30]} Bf6 {[%emt 0:00:57]} 28. c5 {[%emt 0:01:30]} dxc5 {[%emt 0:03:49]} 29. e5 {[%emt 0:00:30]} Kg8 {[%emt 0:04:13]} 30. Qxc5 {[%emt 0:01:30]} h4 {[%emt 0:04:06]} 31. Rd6 {[%emt 0:05:15]} Bg7 {[%emt 0:02:52]} 32. Qd5 {[%emt 0:02:17]} hxg3 {[%emt 0:00:53]} 33. Bxg6 {[%emt 0:02:39]} Rh2+ {[%emt 0:00:26]} 34. Kf3 {[%emt 0:00:10]} Qh4 {[%emt 0:01:01]} 35. Bxf7+ {[%emt 0:03:27]} Kh8 {[%emt 0:00:17]} 36. Ke3 {[%emt 0:01:05]} g2 {[%emt 0:00:36]} 37. Rg1 {[%emt 0:00:55]} Rh3+ {[%emt 0:00:37]} 38. Ke4 {[%emt 0:01:35]} Qg3 {[%emt 0:00:31]} 39. Rd8+ {[%emt 0:02:39]} Rxd8 {[%emt 0:00:31]} 40. Qxd8+ {[%emt 0:00:01]} Kh7 {[%emt 0:00:06]} 41. Bg8+ {[%emt 0:00:15]} Kh6 {[%emt 0:00:56]} 42. Qd6+ {[%emt 0:00:24]} Qg6+ {[%emt 0:00:27]} 43. Qxg6+ {[%emt 0:00:03]} Kxg6 {[%emt 0:00:02]} 44. Rxg2+ {[%emt 0:00:10]} Kh6 {[%emt 0:00:03]} 45. f5 {[%emt 0:01:46]} Bf8 {[%emt 0:01:17]} 46. Rg6+ {[%emt 0:01:52]} Kh5 {[%emt 0:00:11]} 47. Bf7 {[%emt 0:00:08]} Kh4 {[%emt 0:00:40]} 48. Rg8 {[%emt 0:00:25]} Bxa3 {[%emt 0:00:39]} 49. Rh8+ {[%emt 0:00:02]} Kg3 {[%emt 0:00:17]} 50. Rxh3+ {[%emt 0:00:07]} Kxh3 {[%emt 0:00:01]} 51. f6 {[%emt 0:00:23]} Bb2 {[%emt 0:00:58]} 52. Kf5 {[%emt 0:00:16]} a3 {[%emt 0:00:41]} 53. Ba2 {[%emt 0:00:10]} Bc3 {[%emt 0:00:24]} 54. e6 {[%emt 0:00:06]} Kh4 {[%emt 0:00:45]} 55. e7 {[%emt 0:00:09]} 1-0